Zborník z 2. Medzinárodnej konferencie mladých 2000 /

Salvato in:
Dettagli Bibliografici
Natura: Libro
Lingua:multilingua
Pubblicazione: Nitra : SPU v Nitre, 2000
Soggetti:
Tags: Aggiungi Tag
Nessun Tag, puoi essere il primo ad aggiungerne!!

MARC

LEADER 00000nam a22000003a 4500
001 stu55694
005 20150408162010.2
008 001120s2000----xo------------------mul-d
020 |a 80-7137-762-7 
040 |a STU  |b slo 
041 0 |a mul 
044 |a xo 
080 |a 631.17(082) 
245 |a Zborník z 2. Medzinárodnej konferencie mladých 2000 /  |c 11.-13.10.2000. Učebno-výcvikové zariadenie SPU, Račková dolina - Západné Tatry, Slovenská republika 
260 |a Nitra :  |b SPU v Nitre,  |c 2000 
300 |a 333 s 
650 7 |a Technika poľnohospodárska  |2 stusub 
996 |b 284M026304  |c M*Z-1721  |l MMKN  |s A  |a 24  |w stu55694_0001